000 00615nam a22002057a 4500
005 20251108164329.0
008 250721s1977 xx 000 0 ara d
082 1 4 _a921/توم
100 1 _aتوماس، هنري
245 1 0 _aأعلام الفكر الأوروبي من سقراط إلى سارتر /
264 1 _aالقاهرة :
_bدار الهلال،
_c1977.
300 _a
490 0 _aكتاب الهلال
650 1 7 _aالتراجم
650 1 7 _aالفلاسفة
700 1 _aتوماس، دانالي
700 1 _aنويه، عثمان
_eترجمة
942 _2ddc
_cBK
999 _c9491
_d9491